000 00329nam a2200109Ia 4500
005 20251222154304.0
008 251222s9999||||xx |||||||||||||| ||spa||
020 _a978-9974-77-627-2
082 _aREF.413.1/L55
245 0 _a"Diccionario polifuncional sinánimos, antánimos y paránimos: Uso de la lengua española"
942 _cLIB
999 _c33143
_d33143